000 00547cab a2200193 4500
001 ABS40110
008 090401t1988 xxu||||| |||| 00| 0 eng d
035 _a(Sirsi) u21550
041 _aeng
100 _aKaye, J.
245 _aLand prices - a firmer market?
260 _c1988
350 _a0
490 _aAMC Review
_v(6) Winter 1988, 2-3(2)
520 _aReviews recent statistics on land prices , comments on factors influencing the market and views prospects for the future.
690 _aLAND
942 _n0
948 _c04/03/1997
999 _c14466
_d14466